=LDR 00000nam 2200000 4500 =001 INLIS000000000026779 =005 20130612125213 =008 ***********************************ind** =035 ##$$0010-061300000026779 =041 ##$$a ind =082 ##$$a 372.3 =090 ##$$a 372.3, MEN m =245 ##$$a Mengamati benda-benda langit, Tim redaksi, Bahrudin Supardi =260 ##$$a 1997 $b Jakarta =300 ##$$a vi, 54 hlm., ilus., 23 cm =650 ##$$a Pendidikan Dasar =650 ##$$a Sains =700 ##$$a Supardi, Bahrudin =850 ##$$a NBPNMAT